Les Personnages Valorant - Statistiques

Statistiques générales
  • Ce quiz a été pris 995 fois
  • Le résultat moyen est 20 sur 21
Statistiques - réponses
Par images Réponse % Correct
Jett
99%
Cypher
97%
Reyna
97%
Sage
97%
Gekko
96%
Omen
96%
Astra
95%
Chamber
95%
Killjoy
95%
Neon
95%
Phoenix
95%
Raze
95%
Sova
94%
Viper
94%
Yoru
94%
Brimstone
92%
Breach
91%
KAY/O
91%
Fade
90%
Skye
90%
Harbor
85%
Aucun quiz correspondant
Distribution des résultats
% des personnes avec chaque résultat
Percentile par nombre de réponses
Votre historique - résultats
Vous n’avez pas pris ce quiz